Statistics for Album covers without a single inscription on it

Click here to take the quiz!

General Stats

  • This quiz has been taken 23 times
  • The average score is 7 of 24

Answer Stats

Answer% Correct
The Beatles / Abbey Road
100%
Led Zeppelin / Led Zeppelin IV
75%
Joy Division / Unknown Pleasures
70%
Pink Floyd / The Division Bell
70%
King Crimson / In the Court of the Crimson King
45%
Metallica / St. Anger
45%
Kanye West / Watch the Throne
40%
Beck / Sea Change
35%
Coldplay / A Head Full of Dreams
30%
Gorillaz / The Now Now
30%
Audioslave / Audioslave
25%
Bring Me the Horizon / Sempiternal
25%
Slayer / Seasons in the Abyss
25%
The Prodigy / The Day is My Enemy
20%
Tool / Undertow
20%
Linkin Park / A Thousand Suns
15%
New Order / Power, Corruption & Lies
15%
Nine Inch Nails / Year Zero
15%
Rammstein / The Untitled Album (Rammstein)
10%
U2 / No Line on the Horizon
10%
L7 / L7
5%
Maximum the Hormone / Bu-ikkaesu
5%
Perturbator / New Model
5%
Yeah Yeah Yeahs / Cool It Down
5%

Score Distribution

Percentile by Number Answered

Percent of People with Each Score

Your Score History

You have not taken this quiz